• 首页
  • 本馆介绍
  • 公告通知
  • 最新文献
  • 馆藏检索
  • 电子资源
  • 读者导购
  • 参考咨询
  • 我的图书馆
  • 登录
  • 详细信息显示
  • 放入我的书架
  • 预约/预借图书
  • 作者相关作品
  • 分类相关作品
  • 丛书相关作品
  • 出版社相关作品

书目信息

  • 表格格式
  • 工作单格式
  • 卡片格式
题名:
跆拳道运动文化与技能教学研究
    
 
作者: 赵振雷 著
分册:  
出版信息: 长春   吉林出版集团股份有限公司  2022
页数: 189页
开本: 24cm
丛书名:
单 册:
中图分类: G886.9
科图分类:
主题词: 跆拳道--体育文化--研究 , 跆拳道--运动训练--教学研究
电子资源:
ISBN: 978-7-5731-1353-5
000 01127nam0 2200229 450
001 2371996222
005 20231204200004.72
010    @a978-7-5731-1353-5@dCNY56.00
100    @a20220825d2022 em y0chiy50 ea
101 0  @achi
102    @aCN@b220000
105    @ay z 000yy
200 1  @a跆拳道运动文化与技能教学研究@Atai quan dao yun dong wen hua yu ji neng jiao xue yan jiu@f赵振雷著
210    @a长春@c吉林出版集团股份有限公司@d2022
215    @a189页@d24cm
330    @a本书从理论与实践两部分系统、全面地分析了跆拳道运动文化与技能教学理论以及技战术实践方法。首先,从跆拳道运动的特点与功能、基本术语等方面,对跆拳道运动进行详细解读;其次,重点论述跆拳道礼仪内涵及其体现方式,以及生活、训练、比赛中的跆拳道礼仪;再次,从理论角度阐释跆拳道教学的任务和内容、原则与特点、方法与手段以及跆拳道课堂教学的组织与实施;最后,详细解析跆拳道技战术训练与教学、跆拳道品势训练和体能训练,以及跆拳道运动中常见的损伤应急处理方法与预防措施。
606 0  @a跆拳道@x体育文化@x研究
606 0  @a跆拳道@x运动训练@x教学研究
690    @aG886.9@v5
701  0 @a赵振雷@Azhao zhen lei@4著
801  0 @aCN@b91MARC@c20220927
905    @aZUCC@dG886.9@e11
    
    跆拳道运动文化与技能教学研究/赵振雷著.-长春:吉林出版集团股份有限公司,2022
    189页;24cm
    
    
    ISBN 978-7-5731-1353-5:CNY56.00
    本书从理论与实践两部分系统、全面地分析了跆拳道运动文化与技能教学理论以及技战术实践方法。首先,从跆拳道运动的特点与功能、基本术语等方面,对跆拳道运动进行详细解读;其次,重点论述跆拳道礼仪内涵及其体现方式,以及生活、训练、比赛中的跆拳道礼仪;再次,从理论角度阐释跆拳道教学的任务和内容、原则与特点、方法与手段以及跆拳道课堂教学的组织与实施;最后,详细解析跆拳道技战术训练与教学、跆拳道品势训练和体能训练,以及跆拳道运动中常见的损伤应急处理方法与预防措施。
●
相关链接 在五车中查询图书 在当当中查询图书 在豆瓣中查询图书


正题名:跆拳道运动文化与技能教学研究     索取号:G886.9/11         预约/预借

序号 登录号 条形码 馆藏地/架位号 状态 备注
1 2001263887   2001263887   辽宁北方(第一批)/辽宁北方(第一批)/254/ [索取号:G886.9/11] 在馆    
2 2001263888   2001263888   辽宁北方(第一批)/辽宁北方(第一批)/254/ [索取号:G886.9/11] 在馆    
3 2001263889   2001263889   辽宁北方(第一批)/辽宁北方(第一批)/254/ [索取号:G886.9/11] 在馆    
4 2001263890   2001263890   辽宁北方(第一批)/辽宁北方(第一批)/254/ [索取号:G886.9/11] 在馆    
5 2001263891   2001263891   辽宁北方(第一批)/辽宁北方(第一批)/254/ [索取号:G886.9/11] 在馆    
6 2001263892   2001263892   辽宁北方(第一批)/辽宁北方(第一批)/254/ [索取号:G886.9/11] 在馆    
山东省滨州职业学院图书馆 欢迎您!
大连网信软件有限公司© 版权所有